Čs. štátne kúpele Brusno

Bibliographic Details
Other Authors: Kanka, Ján (Photographer)
Format: Photo
Language:Slovak
PhysicalDescription:1 pohľadnica čiernobiela 11x15 cm
Published: [Bratislava] VPL 1966
Subjects:

MARC

LEADER 00000nkm a2200000 a 4500
001 vtls010741371
003 SK-MaSNL
005 20260331210931.0
007 kf bo
008 231214s1966 xo g 00 kuslo
015 |a SNBG 
035 |a F7AEBE0B-E6C9-4EA9-8200-551CA0EE652C 
035 |a urn:nbn:sk:snk-kmxzge 
035 |a urn:nbn:sk:snk-km007b48 
040 |a SNK  |b slo  |c SNK  |e AACR2 
041 0 |a slo 
043 |a e-xo--- 
044 |a xo  |c SK 
080 |a 908(437.6)  |2 2001 
080 |a (084.121)  |2 2001 
080 |a 711.455:615.838  |2 2001 
100 1 |a Kanka, Ján  |4 pht  |9 181462 
245 1 0 |a Čs. štátne kúpele Brusno  |h grafika  |c Foto Ján Kanka 
260 |a [Bratislava]  |b VPL  |c 1966 
300 |a 1 pohľadnica  |b čiernobiela  |c 11x15 cm 
650 0 7 |a kúpele  |2 SNKPH  |9 1139 
651 7 |a Brusno (Slovensko)  |2 SNKPH  |9 28950 
655 7 |a miestne pohľadnice  |2 SNKPH  |9 70510 
852 |a Slovenská národná knižnica 
958 |a GC 
958 |a GBN 
958 |a OND 
999 |c 584613  |d 586543 
952 |a SNK  |b SNK  |y PREZ  |7 0  |p 17A1078563  |o snkSP 222/a  |0 0  |1 0  |4 0  |d 2015-08-04  |f 1  |l 0  |r 2026-02-23 15:04:31  |w 2026-02-23